Trombinoscope Pokemon #4 - Statistiques

Statistiques générales
  • Ce quiz a été pris 280 fois
  • Le résultat moyen est 78 sur 100
Statistiques - réponses
Hint Réponse % Correct
Taupiqueur
93%
Papilusion
93%
Rattata
92%
Salamèche
91%
Cacturne
90%
Magicarpe
90%
Ptitard
90%
Nidoran F
89%
Roucool
89%
Grotadmorv
89%
Galopa
88%
Keunotor
88%
Girafarig
88%
Nosferalto
88%
Azumarill
87%
Mustébouée
87%
Ptéra
86%
Coxy
86%
Aligatueur
86%
Flamiaou
86%
Rhinoféros
86%
Roserade
85%
Prinplouf
85%
Phanpy
85%
Négapi
85%
Solaroc
85%
Mélo
84%
Zéblitz
84%
Latios
84%
Flamoutan
84%
Arceus
84%
Arcko
84%
Dedenne
83%
Cizayox
83%
Spoink
83%
Blizzi
83%
Arakdo
82%
Ouvrifier
82%
Capidextre
82%
Pifeuil
82%
Suicune
81%
Zoroark
81%
Dodoala
81%
Kaimorse
81%
Regice
81%
Dofin
81%
Drakkarmin
80%
Lanturn
80%
Crabaraque
80%
Delcatty
80%
Chaglam
80%
Scolocendre
80%
Pitrouille
80%
Yanma
79%
Créfollet
79%
Rapion
78%
Galegon
78%
Tarenbulle
78%
Qwilpik
78%
Crapustule
77%
Déflaisan
77%
Armulys
77%
Tokorico
76%
Miradar
76%
Denticrisse
76%
Maganon
76%
Manglouton
75%
Charmilly
74%
Mesmérella
74%
Rexillius
73%
Solochi
73%
Spectreval
73%
Manternel
72%
Mouscoto
72%
Sucreine
72%
Keldeo
72%
Minisange
72%
Bombydou
71%
Ninjask
71%
Vacilys
70%
Venalgue
70%
Nigosier
69%
Fourbelin
69%
Arrozard
68%
Diancie
68%
Gourmelet
68%
Dratatin
67%
Mistigrix
66%
Tournicoton
65%
Hexadron
64%
Ampibidou
63%
Fongus-Furie
63%
Pachyradjah
63%
Hotte-de-Fer
60%
Craparoi
60%
Pérégrain
60%
Gambex
58%
Baojian
58%
Piétacé
56%
Amassel
56%
Aucun quiz correspondant
Distribution des résultats
% des personnes avec chaque résultat
Percentile par nombre de réponses
Votre historique - résultats
Vous n’avez pas pris ce quiz